[Event "BL2 Sued 0708 (Women)"]
[Site "Germany"]
[Date "2007.12.01"]
[Round "3.5"]
[White "Wiendieck, Sandra"]
[Black "Oleneva, Svetlana"]
[Result "0-1"]
[WhiteElo "1300"]
[BlackElo "2110"]
[PlyCount "54"]
[EventDate "2007.11.10"]
[EventType "team-tourn"]
[EventRounds "7"]
[EventCountry "GER"]
[SourceTitle "EXT 2009"]
[Source "ChessBase"]
[SourceDate "2008.11.26"]
[SourceVersion "1"]
[SourceVersionDate "2008.11.26"]
[SourceQuality "1"]
[WhiteTeam "Krumbach (W)"]
[BlackTeam "Bad Koenigshofen (W)"]
[WhiteTeamCountry "GER"]
[BlackTeamCountry "GER"]

1. e4 c5 2. Nf3 d6 3. Bb5+ Bd7 4. Bxd7+ Nxd7 5. 0-0 g6 6. Nc3 Bg7 7. d3 Ngf6 8. Re1 0-0 9. h3 Rc8 10. Bg5 h6 11. Bxf6 Bxf6 12. Rb1 Qa5 13. Qd2 Kh7 14. Nd5 Qa6 15. Nxf6+ Nxf6 16. a3 c4 17. dxc4 Qxc4 18. e5 dxe5 19. Rxe5 Rfd8 20. Qe3 Qxc2 21. Re1 Nd5 22. Qxa7 Qxb2 23. Qa5 e6 24. Kh2 Qxf2 25. Qd2 Qxd2 26. Nxd2 Nf4 27. g3 Rxd2+ 0-1